Geology and ground-water resources of Stanton County, Kansas / (Record no. 27778)

MARC details
000 -LEADER
fixed length control field 02012cam a22003731 4500
001 - CONTROL NUMBER
control field gs 42000105
003 - CONTROL NUMBER IDENTIFIER
control field DLC
005 - DATE AND TIME OF LATEST TRANSACTION
control field 20260227111347.0
008 - FIXED-LENGTH DATA ELEMENTS--GENERAL INFORMATION
fixed length control field 780223s1941 ksuab b 000 0 eng c
010 ## - LIBRARY OF CONGRESS CONTROL NUMBER
LC control number gs 42000105
035 ## - SYSTEM CONTROL NUMBER
System control number (OCoLC)3664428
040 ## - CATALOGING SOURCE
Original cataloging agency U. S. Geol. Survey. Library
Transcribing agency TxEU
Modifying agency OCoLC
-- WaChenE
-- OCoLC
-- DLC
042 ## - AUTHENTICATION CODE
Authentication code premarc
043 ## - GEOGRAPHIC AREA CODE
Geographic area code n-us-ks
050 00 - LIBRARY OF CONGRESS CALL NUMBER
Classification number QE113
Item number .A2 no. 37
082 ## - DEWEY DECIMAL CLASSIFICATION NUMBER
Classification number (557.81)
-- 551.49
100 1# - MAIN ENTRY--PERSONAL NAME
Personal name Latta, Bruce Ferrell,
Dates associated with a name 1916-
245 10 - TITLE STATEMENT
Title Geology and ground-water resources of Stanton County, Kansas /
Statement of responsibility, etc. by Bruce F. Latta ; analyses by Robert H. Hess ...
260 ## - PUBLICATION, DISTRIBUTION, ETC.
Place of publication, distribution, etc. Topeka :
Name of publisher, distributor, etc. Printed by Kansas State Printing Plant,
Date of publication, distribution, etc. 1941.
300 ## - PHYSICAL DESCRIPTION
Extent 119 p. :
Other physical details incl. illus., tables, diagrs., 2 fold. maps, fold. profiles ;
Dimensions 23 cm.
490 1# - SERIES STATEMENT
Series statement Kansas. State Geological Survey. Bulletin
Volume/sequential designation 37
500 ## - GENERAL NOTE
General note At head of title: State Geological Survey of Kansas, Raymond C. Moore ... State Geologist and Director, John C. Frye ... Assistant State Geologist and Assistant Director. Division of Ground Water, Stanley W. Lohman, Geologist in Charge ...
500 ## - GENERAL NOTE
General note "University of Kansas Publications, November, 1941."
500 ## - GENERAL NOTE
General note "Prepared by the United States Geological survey, and the State geological survey of Kansas, with the cooperation of the Division of sanitation of the Kansas State board of health, and the Division of water resources, Kansas Stte board of agriculture."
501 ## - WITH NOTE
With note With : Geological studies in southwestern Kansas / by H.T.U. Smith, 1940. Bound together subsequent to publication.
Institution to which field applies DLC
504 ## - BIBLIOGRAPHY, ETC. NOTE
Bibliography, etc. note Bibliography: p. 87-89.
650 #0 - SUBJECT ADDED ENTRY--TOPICAL TERM
Topical term or geographic name entry element Groundwater
Geographic subdivision Kansas
-- Stanton County.
650 #0 - SUBJECT ADDED ENTRY--TOPICAL TERM
Topical term or geographic name entry element Geology
Geographic subdivision Kansas
-- Stanton County.
700 1# - ADDED ENTRY--PERSONAL NAME
Personal name Hess, Robert Harlan,
Dates associated with a name 1910-
710 2# - ADDED ENTRY--CORPORATE NAME
Corporate name or jurisdiction name as entry element Geological Survey (U.S.)
710 2# - ADDED ENTRY--CORPORATE NAME
Corporate name or jurisdiction name as entry element Kansas State Board of Health.
Subordinate unit Division of Sanitation.
710 1# - ADDED ENTRY--CORPORATE NAME
Corporate name or jurisdiction name as entry element Kansas.
Subordinate unit State Board of Agriculture.
-- Division of Water Resources.
830 #0 - SERIES ADDED ENTRY--UNIFORM TITLE
Uniform title Bulletin (Kansas Geological Survey) ;
Volume/sequential designation 37.

No items available.

Powered by Koha